000 00430nab a2200145Ia 4500
003 ES-SlBCS
005 20210601125231.0
008 140529s1973 xxu||||| |||| 00| 0 eng d
041 _aeng
100 1 _aBrady, James B.
_9133089
245 0 0 _aStatus Responsibility
_c James B. Brady
650 0 4 _aResponsabilidad
_991025
773 0 _tPhilosophy and Phenomenological Research
_gvol. 33, 1973, págs. 408-411
_wRev1411
942 _cAR
999 _c526959
_d526959